[Event "Batumi FIDE GP (Women)"]
[Site "Batumi"]
[Date "2016.04.20"]
[Round "1"]
[White "Javakhishvili, Lela"]
[Black "Kosteniuk, Alexandra"]
[Result "1-0"]
[WhiteElo "2489"]
[BlackElo "2557"]
[PlyCount "71"]
[EventDate "2016.04.20"]
[EventType "tourn"]
[EventRounds "11"]
[EventCountry "GEO"]
[EventCategory "10"]
[SourceTitle "CBM 172"]
[Source "ChessBase"]
[SourceDate "2016.05.12"]
[SourceVersion "1"]
[SourceVersionDate "2016.05.12"]
[SourceQuality "1"]

1. d4 Nf6 2. c4 e6 3. g3 d5 4. Nf3 dxc4 5. Bg2 Nc6 6. Qa4 Bb4+ 7. Bd2 Bd6 8.
Na3 Ne4 9. Nxc4 Nxd2 10. Nfxd2 Bd7 11. O-O Be7 12. Na5 Nxa5 13. Qxa5 c6 14. Qc3
O-O 15. Nc4 a5 16. Rfd1 Qc7 17. a3 a4 18. Ne5 Rfd8 19. Be4 Be8 20. e3 Bf6 21.
Nd3 Ra5 22. Rac1 Rc8 23. Qc2 g6 24. Nc5 Rca8 25. Nd3 Rc8 26. Bg2 b6 27. Nb4 c5
28. d5 Bd7 29. Nc6 Bxc6 30. dxc6 Qe5 31. Rb1 Rb5 32. Qxa4 Rxb2 33. Rxb2 Qxb2
34. Rd7 Bg5 35. h4 Qa1+ 36. Rd1 1-0

[Event "Batumi FIDE GP (Women)"]
[Site "Batumi"]
[Date "2016.04.21"]
[Round "2"]
[White "Kosteniuk, Alexandra"]
[Black "Batsiashvili, Nino"]
[Result "1/2-1/2"]
[WhiteElo "2557"]
[BlackElo "2476"]
[PlyCount "77"]
[EventDate "2016.04.20"]
[EventType "tourn"]
[EventRounds "11"]
[EventCountry "GEO"]
[EventCategory "10"]
[SourceTitle "CBM 172"]
[Source "ChessBase"]
[SourceDate "2016.05.12"]
[SourceVersion "1"]
[SourceVersionDate "2016.05.12"]
[SourceQuality "1"]

1. e4 e5 2. Nf3 Nc6 3. Bb5 a6 4. Ba4 Nf6 5. O-O Be7 6. d3 b5 7. Bb3 O-O 8. Nc3
d6 9. a3 Bg4 10. Be3 Qd7 11. h3 Bh5 12. Nd5 Nxd5 13. Bxd5 Bg6 14. c4 Rac8 15.
c5 Nd8 16. Qd2 c6 17. Ba2 Ne6 18. Rac1 Nxc5 19. Bxc5 dxc5 20. Nxe5 Qd4 21. Nf3
Qd6 22. Rfd1 Rcd8 23. Qe2 Kh8 24. d4 c4 25. Qe3 Qc7 26. Ne5 c5 27. Qg3 Qd6 28.
Nxg6+ Qxg6 29. Qxg6 hxg6 30. dxc5 Bxc5 31. a4 Rfe8 32. axb5 axb5 33. Bb1 g5 34.
Kf1 g6 35. Ke2 Bd4 36. Rd2 Rd6 37. Rcd1 Red8 38. g3 Be5 39. Rxd6 1/2-1/2

[Event "Batumi FIDE GP (Women)"]
[Site "Batumi"]
[Date "2016.04.22"]
[Round "3"]
[White "Khotenashvili, Bela"]
[Black "Kosteniuk, Alexandra"]
[Result "1/2-1/2"]
[WhiteElo "2493"]
[BlackElo "2557"]
[PlyCount "50"]
[EventDate "2016.04.20"]
[EventType "tourn"]
[EventRounds "11"]
[EventCountry "GEO"]
[EventCategory "10"]
[SourceTitle "CBM 172"]
[Source "ChessBase"]
[SourceDate "2016.05.12"]
[SourceVersion "1"]
[SourceVersionDate "2016.05.12"]
[SourceQuality "1"]

1. d4 Nf6 2. c4 e6 3. g3 d5 4. Nf3 dxc4 5. Bg2 Nc6 6. Qa4 Bb4+ 7. Bd2 Bd6 8.
Na3 Rb8 9. Nxc4 b5 10. Nxd6+ cxd6 11. Qc2 Bb7 12. O-O Ne7 13. Rfc1 h6 14. a4
Be4 15. Qc7 Qxc7 16. Rxc7 bxa4 17. Rxa4 Nfd5 18. Rcxa7 O-O 19. Ra2 Rfc8 20. b4
Nc6 21. Rd7 Nb6 22. Rxd6 Nc4 23. Rd7 Nb6 24. Rd6 Nc4 25. Rd7 Nb6 1/2-1/2

[Event "Batumi FIDE GP (Women)"]
[Site "Batumi"]
[Date "2016.04.23"]
[Round "4"]
[White "Kosteniuk, Alexandra"]
[Black "Girya, Olga"]
[Result "1-0"]
[WhiteElo "2557"]
[BlackElo "2442"]
[PlyCount "131"]
[EventDate "2016.04.20"]
[EventType "tourn"]
[EventRounds "11"]
[EventCountry "GEO"]
[EventCategory "10"]
[SourceTitle "CBM 172"]
[Source "ChessBase"]
[SourceDate "2016.05.12"]
[SourceVersion "1"]
[SourceVersionDate "2016.05.12"]
[SourceQuality "1"]

1. c4 c6 2. e4 d5 3. exd5 cxd5 4. cxd5 Nf6 5. Nc3 Nxd5 6. Nf3 Nc6 7. Bb5 e6 8.
O-O Bd6 9. d4 O-O 10. Re1 Nce7 11. Ne4 Nf5 12. Nxd6 Qxd6 13. Bd3 Bd7 14. Ne5
Bc6 15. Nc4 Qd7 16. b3 Rfd8 17. Ne5 Qc7 18. Qg4 Nf6 19. Qh3 Rxd4 20. Bxf5 exf5
21. Nxc6 Qxc6 22. Qxf5 Rd5 23. Qf4 Qc2 24. Be3 h6 25. Qf3 Qf5 26. Qxf5 Rxf5 27.
Rac1 Re8 28. a4 Rfe5 29. Red1 a6 30. h3 Nd5 31. Bd4 R5e6 32. g3 Nb4 33. Bc5 Nc6
34. b4 b5 35. axb5 axb5 36. Bd6 Ne5 37. Rd5 Nc4 38. Bf4 g5 39. Rxb5 Na3 40. Ra5
gxf4 41. Rxa3 Re1+ 42. Rxe1 Rxe1+ 43. Kg2 Rb1 44. Ra8+ Kg7 45. Rb8 fxg3 46.
Kxg3 Rb3+ 47. Kg4 h5+ 48. Kxh5 Rxh3+ 49. Kg4 Rb3 50. f4 Rb1 51. Kf5 Rb2 52. Rb6
Rb1 53. b5 Rb2 54. Rb7 Rb1 55. Rb8 Rb2 56. Ke5 Rb1 57. b6 Rb2 58. Kd5 Kf6 59.
Kc6 Rc2+ 60. Kb7 Rc4 61. Rc8 Rxf4 62. Rc5 Ke6 63. Kc7 Rb4 64. b7 f5 65. Rc6+
Kd5 66. Rb6 1-0

[Event "Batumi FIDE GP (Women)"]
[Site "Batumi"]
[Date "2016.04.25"]
[Round "5"]
[White "Muzychuk, Anna"]
[Black "Kosteniuk, Alexandra"]
[Result "1/2-1/2"]
[WhiteElo "2555"]
[BlackElo "2557"]
[PlyCount "60"]
[EventDate "2016.04.20"]
[EventType "tourn"]
[EventRounds "11"]
[EventCountry "GEO"]
[EventCategory "10"]
[SourceTitle "CBM 172"]
[Source "ChessBase"]
[SourceDate "2016.05.12"]
[SourceVersion "1"]
[SourceVersionDate "2016.05.12"]
[SourceQuality "1"]

1. e4 c5 2. Nf3 Nc6 3. d4 cxd4 4. Nxd4 Nf6 5. Nc3 d6 6. Bg5 e6 7. Qd2 a6 8.
O-O-O h6 9. Nxc6 bxc6 10. Bf4 d5 11. Qe3 Bb4 12. Be2 O-O 13. e5 Nh7 14. Ne4 f5
15. exf6 Nxf6 16. Nxf6+ Qxf6 17. Be5 Bc5 18. Qc3 Qxf2 19. Bd3 Bd7 20. Rhf1 Be3+
21. Kb1 Qxg2 22. Qb4 c5 23. Qb7 Bb5 24. Rf7 Rxf7 25. Qxa8+ Rf8 26. Bh7+ Kxh7
27. Qxf8 Qg4 28. Rh1 Qg2 29. Rd1 Qg4 30. Rh1 Qg2 1/2-1/2

[Event "Batumi FIDE GP (Women)"]
[Site "Batumi"]
[Date "2016.04.26"]
[Round "6"]
[White "Kosteniuk, Alexandra"]
[Black "Danielian, Elina"]
[Result "1-0"]
[WhiteElo "2557"]
[BlackElo "2445"]
[PlyCount "79"]
[EventDate "2016.04.20"]
[EventType "tourn"]
[EventRounds "11"]
[EventCountry "GEO"]
[EventCategory "10"]
[SourceTitle "CBM 172"]
[Source "ChessBase"]
[SourceDate "2016.05.12"]
[SourceVersion "1"]
[SourceVersionDate "2016.05.12"]
[SourceQuality "1"]

1. e4 d6 2. d4 Nf6 3. Nc3 g6 4. Be3 Bg7 5. Nf3 a6 6. Bd3 O-O 7. O-O b5 8. a4 b4
9. Ne2 Bb7 10. Ng3 Nbd7 11. Qd2 c5 12. Bh6 a5 13. Bxg7 Kxg7 14. c3 cxd4 15.
cxd4 e6 16. Qf4 Qe7 17. Rfc1 Rfc8 18. h4 h6 19. e5 dxe5 20. dxe5 Ng8 21. Nd4
Rc5 22. Re1 Rd8 23. Nb3 Rcc8 24. Nxa5 Bd5 25. Nc4 Nc5 26. Bf1 Nb3 27. Rad1 Bxc4
28. Bxc4 Rxd1 29. Rxd1 Na5 30. Bb5 Rc7 31. Rd6 b3 32. Ne2 Nb7 33. Nd4 g5 34.
hxg5 hxg5 35. Qd2 g4 36. g3 Nh6 37. Nc6 Qf8 38. Rd4 Nc5 39. Rd8 Ne4 40. Qxh6+
1-0

[Event "Batumi FIDE GP (Women)"]
[Site "Batumi"]
[Date "2016.04.28"]
[Round "8"]
[White "Kosteniuk, Alexandra"]
[Black "Muzychuk, Mariya"]
[Result "1/2-1/2"]
[WhiteElo "2557"]
[BlackElo "2561"]
[PlyCount "62"]
[EventDate "2016.04.20"]
[EventType "tourn"]
[EventRounds "11"]
[EventCountry "GEO"]
[EventCategory "10"]
[SourceTitle "CBM 172"]
[Source "ChessBase"]
[SourceDate "2016.05.12"]
[SourceVersion "1"]
[SourceVersionDate "2016.05.12"]
[SourceQuality "1"]

1. c4 c5 2. Nf3 Nc6 3. d4 cxd4 4. Nxd4 Nf6 5. Nc3 e6 6. g3 Bc5 7. Ndb5 d6 8.
Bg2 a6 9. Na3 Bxa3 10. bxa3 Qc7 11. O-O Ne5 12. Bg5 Bd7 13. Rc1 Bc6 14. Nd5
Nxd5 15. cxd5 exd5 16. Bxd5 O-O 17. Qd2 Qd7 18. Bf4 Rfe8 19. Rfd1 Bb5 20. Rc3
Rac8 21. Rxc8 Rxc8 22. Bb3 Nc4 23. Qd4 Na5 24. e4 Nxb3 25. axb3 Qe6 26. Qe3 Bc6
27. Rxd6 Qxe4 28. Qxe4 Bxe4 29. Kf1 h6 30. Rd4 Bf3 31. Rd3 Be4 1/2-1/2

[Event "Batumi FIDE GP (Women)"]
[Site "Batumi"]
[Date "2016.04.30"]
[Round "9"]
[White "Gunina, Valentina"]
[Black "Kosteniuk, Alexandra"]
[Result "1-0"]
[WhiteElo "2497"]
[BlackElo "2557"]
[PlyCount "123"]
[EventDate "2016.04.20"]
[EventType "tourn"]
[EventRounds "11"]
[EventCountry "GEO"]
[EventCategory "10"]
[SourceTitle "CBM 172"]
[Source "ChessBase"]
[SourceDate "2016.05.12"]
[SourceVersion "1"]
[SourceVersionDate "2016.05.12"]
[SourceQuality "1"]

1. d4 Nf6 2. c4 e6 3. Nf3 Bb4+ 4. Bd2 Qe7 5. g3 Bxd2+ 6. Qxd2 Nc6 7. Nc3 d5 8.
Ne5 O-O 9. Bg2 dxc4 10. O-O Nxe5 11. dxe5 Nd7 12. Qd4 Qc5 13. Qxc5 Nxc5 14. Nb5
Bd7 15. Na3 Rad8 16. Nxc4 Bb5 17. Rfc1 b6 18. b4 Rd4 19. Nxb6 Na6 20. Na8 c6
21. a3 Rc8 22. e3 Rdd8 23. a4 Bd3 24. b5 Nb4 25. bxc6 Re8 26. c7 Nd5 27. Rd1
Ba6 28. e4 Ne7 29. Rab1 Rxa8 30. Rd6 Be2 31. Re1 Bh5 32. Bf1 a5 33. Rc1 Bf3 34.
Bb5 Rf8 35. Rd4 g5 36. h3 h5 37. g4 hxg4 38. hxg4 Bxg4 39. Rd7 Rfe8 40. Rxe7
Rxe7 41. c8=Q+ Rxc8 42. Rxc8+ Kg7 43. Kg2 Bd1 44. Kg3 f6 45. exf6+ Kxf6 46. f3
e5 47. Rd8 Bb3 48. Ra8 Rc7 49. Rxa5 Rc3 50. Ra8 Bd1 51. Rd8 Bc2 52. Rd6+ Ke7
53. Rc6 Rxc6 54. Bxc6 Kd6 55. Be8 Bb3 56. Kg4 Ke7 57. Bb5 Kf6 58. a5 Be6+ 59.
Kh5 Bf7+ 60. Kh6 Be6 61. a6 Bc8 62. Kh5 1-0

[Event "Batumi FIDE GP (Women)"]
[Site "Batumi"]
[Date "2016.05.01"]
[Round "10"]
[White "Kosteniuk, Alexandra"]
[Black "Dzagnidze, Nana"]
[Result "1-0"]
[WhiteElo "2557"]
[BlackElo "2535"]
[Annotator "CB"]
[PlyCount "87"]
[EventDate "2016.04.20"]
[EventType "tourn"]
[EventRounds "11"]
[EventCountry "GEO"]
[EventCategory "10"]
[SourceTitle "CBM 172"]
[Source "ChessBase"]
[SourceDate "2016.05.12"]
[SourceVersion "1"]
[SourceVersionDate "2016.05.12"]
[SourceQuality "1"]

1. e4 e5 2. Nf3 Nc6 3. Bc4 d6 4. Nc3 Be7 5. d4 exd4 6. Nxd4 Nxd4 7. Qxd4 Bf6 {
Diagramm [#] Die Eröffnungsbehandlung von Schwarz ist ungewöhnlich, aber
nicht schlecht. Es gibt zwar einen gewissen Raummangel, aber beide Läufer
sind frei und auch den anderen Figuren der Nachziehenden stehen
Entwicklungsfelder zur Verfügung.} 8. Qd3 Ne7 9. f4 O-O 10. O-O Be6 11. Bxe6
fxe6 12. Ne2 b6 {Es drohte Db3.} 13. Qb3 Qd7 14. Be3 Kh8 15. Rad1 Ng8 $6 (15...
Nc6 {war möglich.}) 16. e5 Be7 $2 (16... Bd8 {war besser, denn es würde
nicht nur c7 gedeckt werden, sondern e7 stünde auch für den Sg8 zur
Verfügung.}) 17. Nd4 d5 {Diagramm [#]} 18. Qb5 ({Den Computern gefällt} 18.
f5 exf5 19. e6 {am besten.}) 18... Qxb5 19. Nxb5 Rfc8 20. f5 exf5 21. Rxf5 (21.
Rxd5 $1 c6 22. Nd6 g6 23. Rd3 {war stärker.}) 21... c6 22. Nd4 c5 $5 (22...
Bc5 $1) 23. Nb5 d4 24. Bf4 Rf8 25. Rxf8 Rxf8 26. g3 g5 27. Bc1 a6 28. Nc7 h6
29. Rf1 Rc8 $2 (29... Rxf1+ $1 30. Kxf1 a5 31. Nd5 Bd8 $14) 30. Nd5 Rc6 {
Diagramm [#]} 31. Kg2 {Startet einen Königsmarsch, dem Schwarz letztlich
nichts entgegenzusetzen hat.} Kg7 32. Kf3 Re6 33. Ke4 Bd6 34. Rf5 Bb8 35. h4
gxh4 36. gxh4 Rg6 37. Rf2 Rg1 38. Bd2 Rg4+ 39. Kf5 h5 40. Nxb6 Ne7+ 41. Ke6 Ng6
42. Nd7 Bxe5 43. Nxe5 Re4 44. Rf7+ 1-0

[Event "Batumi FIDE GP (Women)"]
[Site "Batumi"]
[Date "2016.05.02"]
[Round "11"]
[White "Zhao, Xue"]
[Black "Kosteniuk, Alexandra"]
[Result "0-1"]
[WhiteElo "2504"]
[BlackElo "2557"]
[Annotator "Fischer,J"]
[PlyCount "86"]
[EventDate "2016.04.20"]
[EventType "tourn"]
[EventRounds "11"]
[EventCountry "GEO"]
[EventCategory "10"]
[SourceTitle "CBM 172"]
[Source "ChessBase"]
[SourceDate "2016.05.12"]
[SourceVersion "1"]
[SourceVersionDate "2016.05.12"]
[SourceQuality "1"]

1. b3 d5 2. Bb2 c5 3. e3 Nf6 4. Nf3 Nc6 5. Bb5 Qb6 6. Na3 a6 7. Ba4 e6 8. O-O
Be7 9. Ne5 O-O 10. Bxc6 bxc6 11. c4 a5 12. Qc2 Ne8 13. f4 f6 14. Nd3 Ba6 15.
Rf3 {[#]Four of the five white pieces are on the queenside but the rook still
tries its luck with a kingside attack. However, against a reasonably well
defended king such an attack rarely succeeds.} a4 16. Rh3 g6 17. Nc1 {With
knights on c1 and a3 White's positon fails to convince.} Nd6 18. d3 Bc8 19. Rf3
{The rook beats a retreat.} axb3 20. axb3 Nf7 21. Rf1 Bd7 22. Nb1 Rxa1 23. Bxa1
e5 24. Nc3 Be6 25. Na4 Qa7 26. Bb2 Bd6 27. Ne2 d4 28. fxe5 Nxe5 29. exd4 Ng4 {
[#]The beginning of Black's counterattack. Black is clearly better.} 30. Nf4
Bf5 31. Rf3 cxd4 32. c5 Re8 33. Qc1 (33. cxd6 $4 Re1+ 34. Rf1 Rxf1+ 35. Kxf1
Ne3+ $19) 33... Qa5 34. Rf1 Be5 35. Qc4+ Kg7 36. Bxd4 Qd2 {Now Black's queen
joins the attack against White's king and Black's threats become overwhelming.}
37. h3 Bxf4 38. hxg4 Re1 39. gxf5 Be3+ 40. Kh2 Rxf1 41. Bxf6+ Kxf6 42. Qe6+ Kg5
43. Qe7+ Kg4 0-1

[Event "RUS-chT (Women) 18th"]
[Site "Sochi"]
[Date "2016.05.04"]
[Round "4.1"]
[White "Ubiennykh, Ekaterina"]
[Black "Kosteniuk, Alexandra"]
[Result "0-1"]
[WhiteElo "2307"]
[BlackElo "2556"]
[PlyCount "86"]
[EventDate "2016.05.01"]
[EventType "team-tourn"]
[EventRounds "9"]
[EventCountry "RUS"]
[SourceTitle "CBM 172 Extra"]
[Source "ChessBase"]
[SourceDate "2016.06.21"]
[SourceVersion "1"]
[SourceVersionDate "2016.06.21"]
[SourceQuality "1"]
[WhiteTeam "Moscow Boavista (W)"]
[BlackTeam "Moscow Legacy Square (W)"]
[WhiteTeamCountry "RUS"]
[BlackTeamCountry "RUS"]

1. d4 Nf6 2. c4 e6 3. Nc3 Bb4 4. e3 O-O 5. Nf3 d5 6. Bd3 dxc4 7. Bxc4 c5 8. O-O
Nc6 9. a3 Ba5 10. dxc5 Bxc3 11. bxc3 Qa5 12. Bd3 e5 13. Qc2 Rd8 14. Ng5 h6 15.
Ne4 Nxe4 16. Bxe4 Qxc5 17. a4 Qc4 18. Ba3 Be6 19. Rfd1 Rac8 20. Bd6 Qb3 21. Qc1
f6 22. Bb1 Nd4 23. exd4 Rxd6 24. Rd3 exd4 25. Bc2 Qb6 26. Rb1 Qa6 27. Qf4 Rxc3
28. Rxc3 dxc3 29. Rxb7 Rd1+ 30. Bxd1 Qxb7 31. Qe3 Qd5 32. Bc2 Qe5 33. Qxe5 fxe5
34. f3 Kf7 35. Kf2 Bc4 36. Ke3 Ke6 37. Ke4 a5 38. h4 g5 39. hxg5 hxg5 40. g3
Kd6 41. Bb1 Kc5 42. Kxe5 Bb3 43. f4 Bxa4 0-1

[Event "RUS-chT (Women) 18th"]
[Site "Sochi"]
[Date "2016.05.05"]
[Round "5.1"]
[White "Kosteniuk, Alexandra"]
[Black "Galliamova, Alisa"]
[Result "1/2-1/2"]
[WhiteElo "2556"]
[BlackElo "2475"]
[PlyCount "106"]
[EventDate "2016.05.01"]
[EventType "team-tourn"]
[EventRounds "9"]
[EventCountry "RUS"]
[SourceTitle "CBM 172 Extra"]
[Source "ChessBase"]
[SourceDate "2016.06.21"]
[SourceVersion "1"]
[SourceVersionDate "2016.06.21"]
[SourceQuality "1"]
[WhiteTeam "Moscow Legacy Square (W)"]
[BlackTeam "Tatarstan Rook (W)"]
[WhiteTeamCountry "RUS"]
[BlackTeamCountry "RUS"]

1. e4 e5 2. Nf3 Nc6 3. Bb5 g6 4. c3 a6 5. Ba4 Bg7 6. d4 exd4 7. cxd4 b5 8. Bc2
d5 9. exd5 Qe7+ 10. Be3 Nb4 11. O-O Nf6 12. Re1 O-O 13. Bb3 Qd6 14. Nc3 Nbxd5
15. Bg5 Bb7 16. Ne5 Nxc3 17. bxc3 Bd5 18. Qd3 Rfe8 19. c4 bxc4 20. Nxc4 Qb4 21.
Bd2 Qb7 22. f3 Rad8 23. Re5 Be6 24. Bg5 h6 25. Bh4 g5 26. Bf2 Nd5 27. Bc2 Nf4
28. Qh7+ Kf8 29. Rb1 Qc6 30. Rc5 Qd7 31. Ne5 Qd6 32. Rc6 Qe7 33. Rxa6 Ne2+ 34.
Kh1 Nxd4 35. Nc6 Nxc6 36. Rxc6 Rd6 37. Rxd6 cxd6 38. a4 Bc4 39. Bg3 d5 40. h3
d4 41. Be4 Rd8 42. Be1 d3 43. Bd2 Qd6 44. a5 Rb8 45. Rxb8+ Qxb8 46. Qf5 Qb1+
47. Kh2 Bd4 48. Qc8+ Kg7 49. Qxc4 Qg1+ 50. Kg3 Qf2+ 51. Kh2 Qg1+ 52. Kg3 Qf2+
53. Kh2 Qg1+ 1/2-1/2

[Event "RUS-chT (Women) 18th"]
[Site "Sochi"]
[Date "2016.05.07"]
[Round "6.9"]
[White "Shuvalova, Polina"]
[Black "Kosteniuk, Alexandra"]
[Result "0-1"]
[WhiteElo "2320"]
[BlackElo "2556"]
[PlyCount "66"]
[EventDate "2016.05.01"]
[EventType "team-tourn"]
[EventRounds "9"]
[EventCountry "RUS"]
[SourceTitle "EXT 2020"]
[Source "ChessBase"]
[SourceDate "2019.10.17"]
[SourceVersion "1"]
[SourceVersionDate "2019.10.17"]
[SourceQuality "1"]
[WhiteTeam "Moscow SSHOR Youth (W)"]
[BlackTeam "Moscow Legacy Square (W)"]
[WhiteTeamCountry "RUS"]
[BlackTeamCountry "RUS"]
[TimeControl "6000+2010"]
[WhiteClock "0:16:08"]
[BlackClock "0:40:06"]

1. e4 c5 2. Nf3 Nc6 3. Bb5 g6 4. O-O Bg7 5. c3 Nf6 6. Re1 O-O 7. h3 Qb6 8. Ba4
Rd8 9. d4 cxd4 10. cxd4 d5 11. e5 Ne4 12. Nc3 {[#]} Nxe5 13. Nxe5 Bxe5 14. dxe5
Qxf2+ 15. Kh2 Qg3+ 16. Kg1 Qf2+ 17. Kh2 Qg3+ 18. Kg1 Nf2 {[#]} 19. Qf3 (19. Ne4
Nxh3+ (19... Nxe4 20. Rxe4 Bxh3 21. Re2) (19... dxe4 20. Qxd8+ Kg7 21. Bh6+
Kxh6 22. Qd2+) 20. Kh1 Qh4 21. g3 Nf2+ 22. Kg1 Qxe4 23. Rxe4 Nxd1 24. Rb4) (19.
Qd4 Nxh3+ 20. Kf1 Qh2 21. Be3) 19... Nxh3+ 20. Kf1 Qh2 21. Be3 h5 (21... d4 22.
Rad1 h5) 22. Nxd5 Rxd5 23. Qxd5 Be6 24. Qd4 Qh1+ 25. Bg1 {[#]} Bc4+ 26. Qxc4 (
26. Re2 Qxg1+ 27. Qxg1 Nxg1 28. Kxg1 Bxe2) 26... Qxg1+ 27. Ke2 Qxg2+ 28. Kd3
Rd8+ 29. Kc3 Qd2+ 30. Kb3 Rd3+ 31. Qc3 Rxc3+ 32. bxc3 Nf2 33. Bb5 Ne4 0-1

[Event "RUS-chT (Women) 18th"]
[Site "Sochi"]
[Date "2016.05.08"]
[Round "7.1"]
[White "Kosteniuk, Alexandra"]
[Black "Ushenina, Anna"]
[Result "1/2-1/2"]
[WhiteElo "2556"]
[BlackElo "2450"]
[PlyCount "90"]
[EventDate "2016.05.01"]
[EventType "team-tourn"]
[EventRounds "9"]
[EventCountry "RUS"]
[SourceTitle "CBM 172 Extra"]
[Source "ChessBase"]
[SourceDate "2016.06.21"]
[SourceVersion "1"]
[SourceVersionDate "2016.06.21"]
[SourceQuality "1"]
[WhiteTeam "Moscow Legacy Square (W)"]
[BlackTeam "Khanty Mansyisk Yugra (W)"]
[WhiteTeamCountry "RUS"]
[BlackTeamCountry "RUS"]

1. e4 c5 2. c3 Nf6 3. e5 Nd5 4. Nf3 Nc6 5. Bc4 Nb6 6. Bb3 d5 7. exd6 exd6 8.
O-O Be7 9. d4 O-O 10. Bc2 Bg4 11. Be3 Bh5 12. dxc5 dxc5 13. Be4 Qc7 14. Qb3 Na5
15. Qc2 Bg6 16. Bxg6 hxg6 17. Qe4 Rfe8 18. Bf4 Qc6 19. Qxc6 Nxc6 20. Nbd2 Na4
21. Rab1 Bf6 22. Be3 Rad8 23. g4 b5 24. g5 Be7 25. Rfc1 Nb6 26. c4 bxc4 27.
Nxc4 Nd5 28. Bd2 f6 29. h4 Bf8 30. Re1 Rxe1+ 31. Rxe1 Kf7 32. Kg2 Ncb4 33. a3
Nd3 34. Rd1 Nb6 35. Nxb6 axb6 36. b3 Ne5 37. Nxe5+ fxe5 38. Kf3 Rd3+ 39. Ke4
Rxb3 40. Be3 Ke6 41. Rd8 Be7 42. Rg8 Kf7 43. Rb8 Ke6 44. Rg8 Kf7 45. Rb8 Ke6
1/2-1/2

[Event "RUS-chT (Women) 18th"]
[Site "Sochi"]
[Date "2016.05.09"]
[Round "8.1"]
[White "Travkina, Anastasia"]
[Black "Kosteniuk, Alexandra"]
[Result "0-1"]
[WhiteElo "2255"]
[BlackElo "2556"]
[PlyCount "50"]
[EventDate "2016.05.01"]
[EventType "team-tourn"]
[EventRounds "9"]
[EventCountry "RUS"]
[SourceTitle "CBM 172 Extra"]
[Source "ChessBase"]
[SourceDate "2016.06.21"]
[SourceVersion "1"]
[SourceVersionDate "2016.06.21"]
[SourceQuality "1"]
[WhiteTeam "Rostov on Don (W)"]
[BlackTeam "Moscow Legacy Square (W)"]
[WhiteTeamCountry "RUS"]
[BlackTeamCountry "RUS"]

1. e4 e5 2. Nf3 Nf6 3. Nxe5 d6 4. Nf3 Nxe4 5. Nc3 Nxc3 6. dxc3 Be7 7. Be3 Nd7
8. Qd2 O-O 9. O-O-O Nf6 10. Bd3 c5 11. c4 b5 12. cxb5 a6 13. Qe2 axb5 14. Bxc5
dxc5 15. Bxh7+ Nxh7 16. Rxd8 Bxd8 17. h4 Rxa2 18. Kb1 Be6 19. Qe4 Nf6 20. Qb7
Bd5 21. Qxb5 Bc7 22. Qxc5 Rfa8 23. b3 Ra1+ 24. Kb2 R8a2+ 25. Kc3 Ne4+ 0-1

[Event "SUI-ch 116th"]
[Site "Flims"]
[Date "2016.07.07"]
[Round "1"]
[White "Kosteniuk, Alexandra"]
[Black "Vuilleumier, Alexandre"]
[Result "1-0"]
[WhiteElo "2549"]
[BlackElo "2362"]
[PlyCount "85"]
[EventDate "2016.07.07"]
[EventType "tourn"]
[EventRounds "9"]
[EventCountry "SUI"]
[EventCategory "9"]
[SourceTitle "CBM 173 Extra"]
[Source "ChessBase"]
[SourceDate "2016.08.29"]
[SourceVersion "1"]
[SourceVersionDate "2016.08.29"]
[SourceQuality "1"]

1. e4 c5 2. Nf3 d6 3. d4 cxd4 4. Nxd4 Nf6 5. Nc3 g6 6. Be3 Bg7 7. f3 O-O 8. Qd2
Nc6 9. O-O-O d5 10. exd5 Nxd5 11. Nxc6 bxc6 12. Bd4 Bxd4 13. Qxd4 Qb6 14. Na4
Qc7 15. Bc4 Rd8 16. Nc5 Bf5 17. Bb3 Nf4 18. Qf2 h5 19. g3 Nd5 20. Rd4 Nf6 21.
Rhd1 Kg7 22. Qd2 Rxd4 23. Qxd4 Rc8 24. Qc4 Rf8 25. Qd4 Rc8 26. a3 e5 27. Qc3
Re8 28. Na6 Qb6 29. Nc5 Qc7 30. Kb1 Nd7 31. Nd3 Bxd3 32. Rxd3 Nb6 33. Qc5 Rc8
34. Re3 Re8 35. f4 f6 36. a4 Nd7 37. Qc3 a5 38. Bd5 c5 39. Bf3 Nb6 40. Qxa5 Re7
41. Qb5 Nc8 42. Rc3 exf4 43. Qxc5 1-0

[Event "SUI-ch 116th"]
[Site "Flims"]
[Date "2016.07.08"]
[Round "2"]
[White "Studer, Noel"]
[Black "Kosteniuk, Alexandra"]
[Result "1/2-1/2"]
[WhiteElo "2462"]
[BlackElo "2549"]
[PlyCount "81"]
[EventDate "2016.07.07"]
[EventType "tourn"]
[EventRounds "9"]
[EventCountry "SUI"]
[EventCategory "9"]
[SourceTitle "CBM 173 Extra"]
[Source "ChessBase"]
[SourceDate "2016.08.29"]
[SourceVersion "1"]
[SourceVersionDate "2016.08.29"]
[SourceQuality "1"]

1. d4 Nf6 2. c4 e6 3. g3 c5 4. d5 exd5 5. cxd5 d6 6. Nc3 g6 7. Bg2 Bg7 8. Nf3
O-O 9. O-O a6 10. a4 Nbd7 11. Bf4 Qc7 12. Qd2 Re8 13. Rfc1 Nb6 14. b4 Bf5 15.
Nh4 Nc4 16. Qa2 cxb4 17. Nxf5 gxf5 18. Nd1 Rac8 19. Rab1 b5 20. axb5 axb5 21.
Rxb4 Qc5 22. Qb1 Nxd5 23. Rxb5 Nxf4 24. gxf4 Na3 25. Rcxc5 Rxc5 26. Rxc5 Nxb1
27. Rc2 Na3 28. Ra2 Nb5 29. Bc6 Rb8 30. Bd5 Nc7 31. Bf3 Rb1 32. Rd2 Nb5 33. e3
Kf8 34. Kg2 Ke7 35. Be2 Nc3 36. Nxc3 Bxc3 37. Rd5 Ke6 38. Bc4 Rb4 39. Ba2 Rb2
40. Bc4 Rb4 41. Ba2 1/2-1/2

[Event "SUI-ch 116th"]
[Site "Flims"]
[Date "2016.07.09"]
[Round "3"]
[White "Kosteniuk, Alexandra"]
[Black "Bogner, Sebastian"]
[Result "1/2-1/2"]
[WhiteElo "2549"]
[BlackElo "2556"]
[PlyCount "101"]
[EventDate "2016.07.07"]
[EventType "tourn"]
[EventRounds "9"]
[EventCountry "SUI"]
[EventCategory "9"]
[SourceTitle "CBM 173 Extra"]
[Source "ChessBase"]
[SourceDate "2016.08.29"]
[SourceVersion "1"]
[SourceVersionDate "2016.08.29"]
[SourceQuality "1"]

1. e4 c5 2. Nf3 d6 3. d4 cxd4 4. Nxd4 Nf6 5. Nc3 a6 6. Be2 Nbd7 7. Be3 e6 8. g4
h6 9. f3 b5 10. Qd2 Bb7 11. a3 Qa5 12. Nb3 Qc7 13. O-O-O d5 14. exd5 Nxd5 15.
Nxd5 Bxd5 16. Bf4 Qb6 17. h4 Rc8 18. Kb1 b4 19. axb4 Bxb4 20. Qd4 Qxd4 21. Rxd4
a5 22. Ba6 Rd8 23. Bc7 Ra8 24. Bb5 Ke7 25. c3 Rhc8 26. Rxd5 exd5 27. Re1+ Kf8
28. Bg3 Bxc3 29. bxc3 Nb6 30. Nd4 Rxc3 31. Kb2 Rcc8 32. Nc6 g6 33. Bd6+ Kg7 34.
Be5+ Kf8 35. Bd4 Nc4+ 36. Ka2 Re8 37. Ne5 Re6 38. Bd7 Nxe5 39. Bxe6 Nd3 40. Re3
Nb4+ 41. Kb3 fxe6 42. Rxe6 Ra6 43. Bc5+ Kf7 44. Re7+ Kf6 45. Rh7 Ke5 46. Rxh6
Nd3 47. Bg1 Rf6 48. Bh2+ Kd4 49. Bg1+ Ke5 50. Bh2+ Kd4 51. Bg1+ 1/2-1/2